|
|
|
|
| LEADER |
01007nam a22002658a 4500 |
| 001 |
00016757 |
| 005 |
20171026081022.0 |
| 008 |
110413s1980 ||||||Viesd |
| 041 |
0 |
# |
|a Vie
|
| 082 |
1 |
4 |
|a 495.922
|b NG550Â
|
| 100 |
0 |
# |
|a Đoàn Thiện Thuật
|
| 245 |
0 |
0 |
|a Ngữ âm tiếng việt
|c Đoàn Thiện Thuật
|
| 250 |
# |
# |
|a In lần 2 có sửa chữa , bổ sung
|
| 260 |
# |
# |
|a H.
|b Đại học và trung học chuyên nghiệp
|c 1980
|
| 300 |
# |
# |
|a 347 tr.
|c 19 cm.
|
| 653 |
# |
# |
|a Chữ viết
|
| 653 |
# |
# |
|a Âm đệm
|
| 653 |
# |
# |
|a Âm tiết
|
| 653 |
# |
# |
|a Thanh điệu
|
| 653 |
# |
# |
|a Dẫn luận
|
| 852 |
# |
# |
|b Kho đọc
|j KD.0002205
|
| 852 |
# |
# |
|b Kho mượn
|j KM.0009768, KM.0014793, KM.0014794, KM.0014795, KM.0014796, KM.0014797
|
| 852 |
# |
# |
|j KD.0002205
|j KM.0014793
|j KM.0014795
|j KM.0014796
|j KM.0009768
|j KM.0014794
|j KM.0014797
|
| 910 |
|
|
|d 13/04/2011
|
| 980 |
# |
# |
|a Trung tâm Học liệu Lê Vũ Hùng, Trường Đại học Đồng Tháp
|